| 000 | 00503nam a22001577a 4500 | ||
|---|---|---|---|
| 003 | OSt | ||
| 008 | 260625b |||||||| |||| 00| 0 eng d | ||
| 020 | _a9781786393982 | ||
| 245 | _aClimate change and non-infectious fish disorders/edited by P. T. K. Woo, G. K. Iwama | ||
| 260 |
_aWallingford : _bCABI, _c2020. |
||
| 300 | _ax, 244 p. | ||
| 650 | _aPure Sciences | Animals | Fishes | Non-Infectious Fish | Climate Change | ||
| 700 | _aWoo, P. T. K. | ||
| 700 | _a Iwama, G. K. | ||
| 942 |
_2ddc _cBK |
||
| 999 |
_c52317 _d52317 |
||